Central Library OPAC University of Rajshahi

Concepts, theory, and explanation in the behavioral sciences / (Record no. 33073)

MARC details
000 -LEADER
fixed length control field 01014cam a2200265 4500
001 - CONTROL NUMBER
control field 33073
003 - CONTROL NUMBER IDENTIFIER
rucl marc code BD-RjUL
005 - DATE AND TIME OF LATEST TRANSACTION
control field 20211209051936.0
008 - FIXED-LENGTH DATA ELEMENTS--GENERAL INFORMATION
fixed length control field 140430s1967 1966 nyu b 100 0 eng
035 ## - SYSTEM CONTROL NUMBER
System control number (BD-RjUL)33164
040 ## - CATALOGING SOURCE
Original cataloging agency DLC
Transcribing agency DLC
Modifying agency BD-RjUL
Language of cataloging eng
041 ## - LANGUAGE CODE
Language code of text/sound track or separate title eng
082 00 - DEWEY DECIMAL CLASSIFICATION NUMBER
Classification number 300
Author mark and year CON 1967
245 10 - TITLE STATEMENT
Title Concepts, theory, and explanation in the behavioral sciences /
Statement of responsibility, etc. edited and with introductions by Gordon J. DiRenzo.
260 ## - PUBLICATION, DISTRIBUTION, ETC. (IMPRINT)
Place of publication, distribution, etc. New York :
Name of publisher, distributor, etc. Random House ,
Date of publication, distribution, etc. 1966 [Printed 1967]
300 ## - PHYSICAL DESCRIPTION
Pagination xii, 302 p. ;
Size 22 cm.
500 ## - GENERAL NOTE
General note "Edited proceedings of a symposium held at Fairfield University in April, 1964, under the auspices of the Social Psychology Laboratory of the Department of Sociology."
504 ## - BIBLIOGRAPHY, ETC. NOTE
Bibliography, etc Includes bibliographies.
650 #0 - SUBJECT ADDED ENTRY--TOPICAL TERM
Topical term or geographic name as entry element Social sciences.
9 (RLIN) 100505
Topical term or geographic name as entry element Behaviour Science
9 (RLIN) 170485
700 ## - ADDED ENTRY--PERSONAL NAME
Personal name DiRenzo, Gordon J.,
710 2# - ADDED ENTRY--CORPORATE NAME
Corporate name or jurisdiction name as entry element Fairfield University.
Subordinate unit Social Psychology Laboratory.
9 (RLIN) 100507
942 ## - ADDED ENTRY ELEMENTS (KOHA)
Source of classification or shelving scheme Dewey Decimal Classification
Koha item type Books
Holdings
Lost status Source of classification or shelving scheme Damaged status Not for loan Collection code Permanent Location Current Location Shelving location Date acquired Source of acquisition Cost, normal purchase price Total Checkouts Full call number Date last seen Copy number Koha item type
  Dewey Decimal Classification     Non-fiction Central Library, University of Rajshahi Central Library, University of Rajshahi   21/09/1972 Zitlinger 2.70   300 CON 1967 30/04/2014 C-3 Books
  Dewey Decimal Classification   Not For Loan Non-fiction Central Library, University of Rajshahi Central Library, University of Rajshahi Reading Room 21/09/1972 Zeitlinger 2.70   300 CON 1967 30/04/2014 C-1 Books
  Dewey Decimal Classification     Non-fiction Central Library, University of Rajshahi Central Library, University of Rajshahi   21/09/1972 Zeitlinger 2.97   300 CON 1967 07/12/2016 C-2 Books